A comparative methods approach to the study of oocytes and embryos / (Record no. 329217)

000 -LEADER
fixed length control field 01356cam a2200325 a 4500
001 - CONTROL NUMBER
control field 4505689
003 - CONTROL NUMBER IDENTIFIER
control field ASAB
005 - DATE AND TIME OF LATEST TRANSACTION
control field 20170427111548.0
008 - FIXED-LENGTH DATA ELEMENTS--GENERAL INFORMATION
fixed length control field 980204s1999 nyua b 001 0 eng
010 ## - LIBRARY OF CONGRESS CONTROL NUMBER
LC control number 98013183
020 ## - INTERNATIONAL STANDARD BOOK NUMBER
International Standard Book Number 0195115945 (alk. paper)
040 ## - CATALOGING SOURCE
Original cataloging agency DLC
Transcribing agency ASAB
Modifying agency DLC
-- WaU
-- DLC
050 00 - LIBRARY OF CONGRESS CALL NUMBER
Classification number QL959
Item number .C58 1999
082 00 - DEWEY DECIMAL CLASSIFICATION NUMBER
Classification number 571.8/61
Edition number 21
245 02 - TITLE STATEMENT
Title A comparative methods approach to the study of oocytes and embryos /
Statement of responsibility, etc. edited by Joel D. Richter.
260 ## - PUBLICATION, DISTRIBUTION, ETC.
Place of publication, distribution, etc. New York :
Name of publisher, distributor, etc. Oxford University Press,
Date of publication, distribution, etc. 1999.
300 ## - PHYSICAL DESCRIPTION
Extent xv, 520 p. :
Other physical details ill. ;
Dimensions 24 cm.
440 #0 - SERIES STATEMENT/ADDED ENTRY--TITLE
Title Advances in molecular biology
504 ## - BIBLIOGRAPHY, ETC. NOTE
Bibliography, etc. note Includes bibliographical references and index.
650 #0 - SUBJECT ADDED ENTRY--TOPICAL TERM
Topical term or geographic name entry element Mice
General subdivision Embryology.
650 #0 - SUBJECT ADDED ENTRY--TOPICAL TERM
Topical term or geographic name entry element Frogs
General subdivision Embryology.
650 #0 - SUBJECT ADDED ENTRY--TOPICAL TERM
Topical term or geographic name entry element Fruit-flies
General subdivision Embryology.
700 1# - ADDED ENTRY--PERSONAL NAME
Personal name Richter, Joel D.
856 42 - ELECTRONIC LOCATION AND ACCESS
Materials specified Publisher description
Uniform Resource Identifier <a href="http://www.loc.gov/catdir/enhancements/fy0637/98013183-d.html">http://www.loc.gov/catdir/enhancements/fy0637/98013183-d.html</a>
856 41 - ELECTRONIC LOCATION AND ACCESS
Materials specified Table of contents only
Uniform Resource Identifier <a href="http://www.loc.gov/catdir/enhancements/fy0637/98013183-t.html">http://www.loc.gov/catdir/enhancements/fy0637/98013183-t.html</a>
906 ## - LOCAL DATA ELEMENT F, LDF (RLIN)
a 7
b cbc
c orignew
d 1
e ocip
f 19
g y-gencatlg
942 ## - ADDED ENTRY ELEMENTS (KOHA)
Source of classification or shelving scheme
Koha item type Book
Holdings
Withdrawn status Lost status Source of classification or shelving scheme Damaged status Not for loan Collection code Permanent Location Current Location Date acquired Total Checkouts Full call number Barcode Date last seen Price effective from Koha item type
            Central Library (CL) Central Library (CL) 04/27/2017   571.8 RIC ASAB1927 04/27/2017 04/27/2017 Book
© 2023 Central Library, National University of Sciences and Technology. All Rights Reserved.